| 000 | 00418nam a22001457a 4500 | ||
|---|---|---|---|
| 020 | _qPB. | ||
| 040 | _cFIZZA ISHAQ | ||
| 082 |
_a343.094 _bBRO |
||
| 100 |
_aBrown , Robyn. _9134248 |
||
| 245 |
_aCriminal Law in Maryland: Cases Concepts and Critical Analysis / _cRobyn Brown. |
||
| 250 | _a2nd Ed. | ||
| 260 |
_aNew York: _bKendall Hunt Publishing, _c2006. |
||
| 300 |
_a170 P. ; _c27.5 x 21.3 cm, |
||
| 942 |
_2ddc _cBK |
||
| 999 |
_c617227 _d617227 |
||